| 000 | 00501nam a2200181 4500 | ||
|---|---|---|---|
| 001 | 4529436 | ||
| 003 | OSt | ||
| 005 | 20150616094239.0 | ||
| 008 | 850813m1975 slv spa | ||
| 040 |
_aDLC _cBMC _dDLC |
||
| 082 | _a972.84 | ||
| 245 | 0 | 0 |
_aPapeles históricos _nVol. 4 _cRecopilación de Migual Ángel Gallardo |
| 260 |
_aSan Salvador _bLea _c1975 |
||
| 300 |
_a299 p. _bil. _c25 cm |
||
| 651 | 2 | 4 |
_aEl Salvador _xHistoria _93692 |
| 700 | 1 |
_aGallardo, Miguel Ángel _922579 |
|
| 942 |
_2ddc _cBK |
||
| 999 |
_c21351 _d21351 |
||